<?xml version="1.0" encoding="UTF-8"?>
<record
    xmlns:xsi="http://www.w3.org/2001/XMLSchema-instance"
    xsi:schemaLocation="http://www.loc.gov/MARC21/slim http://www.loc.gov/standards/marcxml/schema/MARC21slim.xsd"
    xmlns="http://www.loc.gov/MARC21/slim">

  <leader>01839nam a2200481 a 4500</leader>
  <controlfield tag="005">20240502104505.0</controlfield>
  <controlfield tag="008">141121t2013||||sp al. f |||| 001 0 spa d</controlfield>
  <datafield tag="020" ind1=" " ind2=" ">
    <subfield code="a">9788480869942</subfield>
  </datafield>
  <datafield tag="041" ind1=" " ind2=" ">
    <subfield code="a">spa</subfield>
  </datafield>
  <datafield tag="092" ind1=" " ind2=" ">
    <subfield code="c">616.07</subfield>
    <subfield code="l">46</subfield>
    <subfield code="s">KUM</subfield>
  </datafield>
  <datafield tag="100" ind1="1" ind2=" ">
    <subfield code="a">Kumar, Vinay</subfield>
    <subfield code="9">127</subfield>
  </datafield>
  <datafield tag="245" ind1=" " ind2=" ">
    <subfield code="a">Robbins. </subfield>
    <subfield code="b">Patolog&#xED;a humana /</subfield>
    <subfield code="c">Vinay Kumar</subfield>
  </datafield>
  <datafield tag="250" ind1=" " ind2=" ">
    <subfield code="a">9a ed. versi&#xF3;n en espa&#xF1;ol de la obra original en ingl&#xE9;s</subfield>
    <subfield code="b">Revisi&#xF3;n Cient&#xED;fica J. Fari&#xF1;a Gonz&#xE1;lez y M&#xAA;. Jes&#xFA;s Fern&#xE1;ndez-Ace&#xF1;ero</subfield>
  </datafield>
  <datafield tag="260" ind1=" " ind2=" ">
    <subfield code="a">Barcelona: </subfield>
    <subfield code="b">Elsevier ; Saunders;</subfield>
    <subfield code="c">2013.</subfield>
  </datafield>
  <datafield tag="300" ind1=" " ind2=" ">
    <subfield code="a">910 p.</subfield>
    <subfield code="b">il.</subfield>
  </datafield>
  <datafield tag="500" ind1=" " ind2=" ">
    <subfield code="a">Kumar, V., Abbas, A. K. y Aster, J. C. (Col.). (2013). Robbins. Patolog&#xED;a humana. (9a ed.). Barcelona : Elsevier ; Saunders.</subfield>
  </datafield>
  <datafield tag="653" ind1=" " ind2=" ">
    <subfield code="a">Lesi&#xF3;n y muerte celulares y adaptaciones</subfield>
  </datafield>
  <datafield tag="653" ind1=" " ind2=" ">
    <subfield code="a">Inflamaci&#xF3;n y reparaci&#xF3;n</subfield>
  </datafield>
  <datafield tag="653" ind1=" " ind2=" ">
    <subfield code="a">Trastornos hemodin&#xE1;micos, tromboembolia y shock</subfield>
  </datafield>
  <datafield tag="653" ind1=" " ind2=" ">
    <subfield code="a">Enfermedades del sistema inmunitario</subfield>
  </datafield>
  <datafield tag="653" ind1=" " ind2=" ">
    <subfield code="a">Neoplasias</subfield>
  </datafield>
  <datafield tag="653" ind1=" " ind2=" ">
    <subfield code="a">Enfermedades gen&#xE9;ticas y pedi&#xE1;tricas</subfield>
  </datafield>
  <datafield tag="653" ind1=" " ind2=" ">
    <subfield code="a">Enfermedades ambientales y nutricionales</subfield>
  </datafield>
  <datafield tag="653" ind1=" " ind2=" ">
    <subfield code="a">Patolog&#xED;a general de las enfermedades infecciosas</subfield>
  </datafield>
  <datafield tag="653" ind1=" " ind2=" ">
    <subfield code="a">Vasos sangu&#xED;neos</subfield>
  </datafield>
  <datafield tag="653" ind1=" " ind2=" ">
    <subfield code="a">Coraz&#xF3;n</subfield>
  </datafield>
  <datafield tag="653" ind1=" " ind2=" ">
    <subfield code="a">Sistema hemopoy&#xE9;tico y linf&#xE1;tico</subfield>
  </datafield>
  <datafield tag="653" ind1=" " ind2=" ">
    <subfield code="a">Pulm&#xF3;n</subfield>
  </datafield>
  <datafield tag="653" ind1=" " ind2=" ">
    <subfield code="a">Ri&#xF1;&#xF3;n y sistema colector</subfield>
  </datafield>
  <datafield tag="653" ind1=" " ind2=" ">
    <subfield code="a">Cavidad oral y tubo digestivo</subfield>
  </datafield>
  <datafield tag="653" ind1=" " ind2=" ">
    <subfield code="a">Higado, ves&#xED;cula biliar y v&#xED;a biliar</subfield>
  </datafield>
  <datafield tag="653" ind1=" " ind2=" ">
    <subfield code="a">P&#xE1;ncreas</subfield>
  </datafield>
  <datafield tag="653" ind1=" " ind2=" ">
    <subfield code="a">Aparato genital masculino y v&#xED;a urinaria baja</subfield>
  </datafield>
  <datafield tag="653" ind1=" " ind2=" ">
    <subfield code="a">Aparato genital femenino y mama</subfield>
  </datafield>
  <datafield tag="653" ind1=" " ind2=" ">
    <subfield code="a">Sistema endocrino</subfield>
  </datafield>
  <datafield tag="653" ind1=" " ind2=" ">
    <subfield code="a">Tumores de hueso, articulaciones y tejidos blandos</subfield>
  </datafield>
  <datafield tag="653" ind1=" " ind2=" ">
    <subfield code="a">Nervios perif&#xE9;ricos y m&#xFA;sculos</subfield>
  </datafield>
  <datafield tag="653" ind1=" " ind2=" ">
    <subfield code="a">Sistema nervioso central</subfield>
  </datafield>
  <datafield tag="653" ind1=" " ind2=" ">
    <subfield code="a">Piel</subfield>
  </datafield>
  <datafield tag="700" ind1="1" ind2=" ">
    <subfield code="a">Abbas, Abul K.</subfield>
    <subfield code="9">49</subfield>
  </datafield>
  <datafield tag="700" ind1="1" ind2=" ">
    <subfield code="a">Aster, Jon C.</subfield>
    <subfield code="9">51</subfield>
  </datafield>
  <datafield tag="942" ind1=" " ind2=" ">
    <subfield code="2">ddc</subfield>
    <subfield code="c">BK</subfield>
    <subfield code="0">7</subfield>
  </datafield>
  <datafield tag="999" ind1=" " ind2=" ">
    <subfield code="c">2116</subfield>
    <subfield code="d">2116</subfield>
  </datafield>
  <datafield tag="952" ind1=" " ind2=" ">
    <subfield code="0">0</subfield>
    <subfield code="1">0</subfield>
    <subfield code="2">ddc</subfield>
    <subfield code="4">0</subfield>
    <subfield code="7">0</subfield>
    <subfield code="8">REF</subfield>
    <subfield code="a">BFM</subfield>
    <subfield code="b">BFM</subfield>
    <subfield code="c">REF</subfield>
    <subfield code="d">2014-11-21</subfield>
    <subfield code="e">COMPRA PROMED 3er A&#xD1;O, NOVIEMBRE 2014</subfield>
    <subfield code="g">920.00</subfield>
    <subfield code="l">1</subfield>
    <subfield code="o">616.7 46 kum</subfield>
    <subfield code="p">3397</subfield>
    <subfield code="r">2015-03-13</subfield>
    <subfield code="s">2015-03-03</subfield>
    <subfield code="t">Ej.1</subfield>
    <subfield code="w">2014-11-21</subfield>
    <subfield code="y">REF</subfield>
    <subfield code="z">COMPRA PROMED 3er A&#xD1;O, NOVIEMBRE 2014. Sede Tordos.</subfield>
    <subfield code="f"></subfield>
  </datafield>
  <datafield tag="952" ind1=" " ind2=" ">
    <subfield code="0">0</subfield>
    <subfield code="1">0</subfield>
    <subfield code="2">ddc</subfield>
    <subfield code="4">0</subfield>
    <subfield code="7">0</subfield>
    <subfield code="a">BFM</subfield>
    <subfield code="b">BFM</subfield>
    <subfield code="c">CR</subfield>
    <subfield code="d">2014-11-21</subfield>
    <subfield code="e">COMPRA PROMED 3er A&#xD1;O, NOVIEMBRE 2014</subfield>
    <subfield code="g">920.00</subfield>
    <subfield code="l">5</subfield>
    <subfield code="o">612 46 KUM</subfield>
    <subfield code="p">3398</subfield>
    <subfield code="r">2024-05-03</subfield>
    <subfield code="s">2024-04-26</subfield>
    <subfield code="t">Ej.2</subfield>
    <subfield code="w">2014-11-21</subfield>
    <subfield code="y">BK</subfield>
    <subfield code="z">COMPRA PROMED 3er A&#xD1;O, NOVIEMBRE 2014</subfield>
  </datafield>
  <datafield tag="952" ind1=" " ind2=" ">
    <subfield code="0">0</subfield>
    <subfield code="1">0</subfield>
    <subfield code="2">ddc</subfield>
    <subfield code="4">0</subfield>
    <subfield code="7">0</subfield>
    <subfield code="a">BFM</subfield>
    <subfield code="b">BFM</subfield>
    <subfield code="c">CR</subfield>
    <subfield code="d">2014-11-21</subfield>
    <subfield code="e">COMPRA PROMED 3er A&#xD1;O, NOVIEMBRE 2014</subfield>
    <subfield code="g">920.00</subfield>
    <subfield code="l">9</subfield>
    <subfield code="m">2</subfield>
    <subfield code="o">612 46 KUM</subfield>
    <subfield code="p">3399</subfield>
    <subfield code="r">2016-02-25</subfield>
    <subfield code="s">2015-12-17</subfield>
    <subfield code="t">Ej.3</subfield>
    <subfield code="w">2014-11-21</subfield>
    <subfield code="y">BK</subfield>
    <subfield code="z">COMPRA PROMED 3er A&#xD1;O, NOVIEMBRE 2014. Sede Tordos.</subfield>
    <subfield code="f"></subfield>
  </datafield>
  <datafield tag="952" ind1=" " ind2=" ">
    <subfield code="0">0</subfield>
    <subfield code="1">0</subfield>
    <subfield code="2">ddc</subfield>
    <subfield code="4">0</subfield>
    <subfield code="7">0</subfield>
    <subfield code="a">BFM</subfield>
    <subfield code="b">BFM</subfield>
    <subfield code="c">CR</subfield>
    <subfield code="d">2014-11-21</subfield>
    <subfield code="e">COMPRA PROMED 3er A&#xD1;O, NOVIEMBRE 2014</subfield>
    <subfield code="g">920.00</subfield>
    <subfield code="l">2</subfield>
    <subfield code="m">2</subfield>
    <subfield code="o">612 46 KUM</subfield>
    <subfield code="p">3400</subfield>
    <subfield code="r">2025-08-22</subfield>
    <subfield code="s">2025-06-30</subfield>
    <subfield code="t">Ej.4</subfield>
    <subfield code="w">2014-11-21</subfield>
    <subfield code="y">BK</subfield>
    <subfield code="z">COMPRA PROMED 3er A&#xD1;O, NOVIEMBRE 2014. Sede Tordos.</subfield>
    <subfield code="f"></subfield>
  </datafield>
  <datafield tag="952" ind1=" " ind2=" ">
    <subfield code="0">0</subfield>
    <subfield code="1">0</subfield>
    <subfield code="2">ddc</subfield>
    <subfield code="4">0</subfield>
    <subfield code="7">0</subfield>
    <subfield code="a">BFM</subfield>
    <subfield code="b">BFM</subfield>
    <subfield code="c">CR</subfield>
    <subfield code="d">2014-11-21</subfield>
    <subfield code="e">COMPRA PROMED 3er A&#xD1;O, NOVIEMBRE 2014</subfield>
    <subfield code="g">920.00</subfield>
    <subfield code="l">22</subfield>
    <subfield code="m">4</subfield>
    <subfield code="o">612 46 KUM</subfield>
    <subfield code="p">3401</subfield>
    <subfield code="r">2016-08-09</subfield>
    <subfield code="s">2016-07-27</subfield>
    <subfield code="t">Ej.5</subfield>
    <subfield code="w">2014-11-21</subfield>
    <subfield code="y">BK</subfield>
    <subfield code="z">COMPRA PROMED 3er A&#xD1;O, NOVIEMBRE 2014. Sede Tordos.</subfield>
    <subfield code="f"></subfield>
  </datafield>
  <datafield tag="952" ind1=" " ind2=" ">
    <subfield code="0">0</subfield>
    <subfield code="1">0</subfield>
    <subfield code="2">ddc</subfield>
    <subfield code="4">0</subfield>
    <subfield code="7">0</subfield>
    <subfield code="a">BFM</subfield>
    <subfield code="b">BFM</subfield>
    <subfield code="c">CR</subfield>
    <subfield code="d">2014-11-21</subfield>
    <subfield code="e">COMPRA PROMED 3er A&#xD1;O, NOVIEMBRE 2014</subfield>
    <subfield code="g">920.00</subfield>
    <subfield code="l">14</subfield>
    <subfield code="m">8</subfield>
    <subfield code="o">612 46 KUM</subfield>
    <subfield code="p">3402</subfield>
    <subfield code="r">2024-11-13</subfield>
    <subfield code="s">2024-11-11</subfield>
    <subfield code="t">Ej.6</subfield>
    <subfield code="w">2014-11-21</subfield>
    <subfield code="y">BK</subfield>
    <subfield code="z">COMPRA PROMED 3er A&#xD1;O, NOVIEMBRE 2014. Sede Tordos.</subfield>
    <subfield code="f"></subfield>
  </datafield>
  <datafield tag="952" ind1=" " ind2=" ">
    <subfield code="0">0</subfield>
    <subfield code="1">0</subfield>
    <subfield code="2">ddc</subfield>
    <subfield code="4">0</subfield>
    <subfield code="7">0</subfield>
    <subfield code="a">BFM</subfield>
    <subfield code="b">BFM</subfield>
    <subfield code="c">CR</subfield>
    <subfield code="d">2014-11-21</subfield>
    <subfield code="e">COMPRA PROMED 3er A&#xD1;O, NOVIEMBRE 2014</subfield>
    <subfield code="g">920.00</subfield>
    <subfield code="l">9</subfield>
    <subfield code="m">1</subfield>
    <subfield code="o">612 46 KUM</subfield>
    <subfield code="p">3403</subfield>
    <subfield code="r">2016-02-24</subfield>
    <subfield code="s">2015-12-11</subfield>
    <subfield code="t">Ej.7</subfield>
    <subfield code="w">2014-11-21</subfield>
    <subfield code="y">BK</subfield>
    <subfield code="z">COMPRA PROMED 3er A&#xD1;O, NOVIEMBRE 2014. Sede Tordos.</subfield>
    <subfield code="f"></subfield>
  </datafield>
  <datafield tag="952" ind1=" " ind2=" ">
    <subfield code="0">0</subfield>
    <subfield code="1">0</subfield>
    <subfield code="2">ddc</subfield>
    <subfield code="4">0</subfield>
    <subfield code="7">0</subfield>
    <subfield code="a">BFM</subfield>
    <subfield code="b">BFM</subfield>
    <subfield code="c">CR</subfield>
    <subfield code="d">2014-11-21</subfield>
    <subfield code="e">COMPRA PROMED 3er A&#xD1;O, NOVIEMBRE 2014</subfield>
    <subfield code="g">920.00</subfield>
    <subfield code="l">1</subfield>
    <subfield code="o">612 46 KUM</subfield>
    <subfield code="p">3404</subfield>
    <subfield code="r">2015-03-13</subfield>
    <subfield code="s">2015-03-02</subfield>
    <subfield code="t">Ej.8</subfield>
    <subfield code="w">2014-11-21</subfield>
    <subfield code="y">BK</subfield>
    <subfield code="z">COMPRA PROMED 3er A&#xD1;O, NOVIEMBRE 2014. Sede Tordos.</subfield>
    <subfield code="f"></subfield>
  </datafield>
  <datafield tag="952" ind1=" " ind2=" ">
    <subfield code="0">0</subfield>
    <subfield code="1">0</subfield>
    <subfield code="2">ddc</subfield>
    <subfield code="4">0</subfield>
    <subfield code="7">0</subfield>
    <subfield code="a">BFM</subfield>
    <subfield code="b">BFM</subfield>
    <subfield code="c">CR</subfield>
    <subfield code="d">2014-11-21</subfield>
    <subfield code="e">COMPRA PROMED 3er A&#xD1;O, NOVIEMBRE 2014</subfield>
    <subfield code="g">920.00</subfield>
    <subfield code="l">18</subfield>
    <subfield code="m">3</subfield>
    <subfield code="o">612 46 KUM</subfield>
    <subfield code="p">3405</subfield>
    <subfield code="r">2024-11-20</subfield>
    <subfield code="s">2024-11-11</subfield>
    <subfield code="t">Ej.9</subfield>
    <subfield code="w">2014-11-21</subfield>
    <subfield code="y">BK</subfield>
    <subfield code="z">COMPRA PROMED 3er A&#xD1;O, NOVIEMBRE 2014</subfield>
  </datafield>
  <datafield tag="952" ind1=" " ind2=" ">
    <subfield code="0">0</subfield>
    <subfield code="1">0</subfield>
    <subfield code="2">ddc</subfield>
    <subfield code="4">0</subfield>
    <subfield code="7">0</subfield>
    <subfield code="a">BFM</subfield>
    <subfield code="b">BFM</subfield>
    <subfield code="c">CR</subfield>
    <subfield code="d">2014-11-21</subfield>
    <subfield code="e">COMPRA PROMED 3er A&#xD1;O, NOVIEMBRE 2014</subfield>
    <subfield code="g">920.00</subfield>
    <subfield code="l">26</subfield>
    <subfield code="m">4</subfield>
    <subfield code="o">612 46 KUM</subfield>
    <subfield code="p">3406</subfield>
    <subfield code="r">2024-05-16</subfield>
    <subfield code="s">2024-05-03</subfield>
    <subfield code="t">Ej.10</subfield>
    <subfield code="w">2014-11-21</subfield>
    <subfield code="y">BK</subfield>
    <subfield code="z">COMPRA PROMED 3er A&#xD1;O, NOVIEMBRE 2014. Sede Tordos.</subfield>
    <subfield code="f"></subfield>
  </datafield>
  <datafield tag="952" ind1=" " ind2=" ">
    <subfield code="0">0</subfield>
    <subfield code="1">0</subfield>
    <subfield code="2">ddc</subfield>
    <subfield code="4">0</subfield>
    <subfield code="7">0</subfield>
    <subfield code="a">BFM</subfield>
    <subfield code="b">BFM</subfield>
    <subfield code="c">CR</subfield>
    <subfield code="d">2025-03-25</subfield>
    <subfield code="e">Donaci&#xF3;n Daniela Vespoli, Marzo 2025</subfield>
    <subfield code="l">0</subfield>
    <subfield code="o">612 46 KUM</subfield>
    <subfield code="p">4996</subfield>
    <subfield code="r">2025-03-25</subfield>
    <subfield code="t">Ej. 11</subfield>
    <subfield code="w">2025-03-25</subfield>
    <subfield code="y">BK</subfield>
    <subfield code="z">Donaci&#xF3;n Daniela Vespoli, Marzo 2025</subfield>
    <subfield code="f"></subfield>
  </datafield>
</record>
